| 000 -LEADER |
| fixed length control field |
00726cam a2200229 i 4500 |
| 001 - CONTROL NUMBER |
| control field |
19214 |
| 003 - CONTROL NUMBER IDENTIFIER |
| control field |
BD-DhUAP |
| 005 - DATE AND TIME OF LATEST TRANSACTION |
| control field |
20200311113213.0 |
| 008 - FIXED-LENGTH DATA ELEMENTS--GENERAL INFORMATION |
| fixed length control field |
200311s2014 bg b 001 0 eng |
| 020 ## - INTERNATIONAL STANDARD BOOK NUMBER |
| International Standard Book Number |
9789845061308 |
| 040 ## - CATALOGING SOURCE |
| Original cataloging agency |
DLC |
| Language of cataloging |
eng |
| Transcribing agency |
DLC |
| Modifying agency |
BD-DhUAP |
| 082 ## - DEWEY DECIMAL CLASSIFICATION NUMBER |
| Edition number |
23 |
| Classification number |
954.9205 AHM |
| 100 1# - MAIN ENTRY--PERSONAL NAME |
| Personal name |
Ahmed, Moudud. |
| 245 10 - TITLE STATEMENT |
| Title |
Bangladesh, emergency and the aftermath, 2007-2008 / |
| Statement of responsibility, etc. |
Moudud Ahmed. |
| 264 #1 - PRODUCTION, PUBLICATION, DISTRIBUTION, MANUFACTURE, AND COPYRIGHT NOTICE |
| Place of production, publication, distribution, manufacture |
Dhaka : |
| Name of producer, publisher, distributor, manufacturer |
University Press Limited, |
| Date of production, publication, distribution, manufacture, or copyright notice |
c2014. |
| 300 ## - PHYSICAL DESCRIPTION |
| Extent |
xiv, 357 pages ; |
| Dimensions |
22 cm. |
| 504 ## - BIBLIOGRAPHY, ETC. NOTE |
| Bibliography, etc. note |
Includes bibliographical references and index. |
| 650 #0 - SUBJECT ADDED ENTRY--TOPICAL TERM |
| Topical term or geographic name entry element |
Interim governments |
| Geographic subdivision |
Bangladesh. |
| 650 #0 - SUBJECT ADDED ENTRY--TOPICAL TERM |
| Topical term or geographic name entry element |
Elections |
| Geographic subdivision |
Bangladesh. |
| 651 #0 - SUBJECT ADDED ENTRY--GEOGRAPHIC NAME |
| Geographic name |
Bangladesh |
| General subdivision |
Politics and government |
| Chronological subdivision |
1971- |
| 942 ## - ADDED ENTRY ELEMENTS (KOHA) |
| Source of classification or shelving scheme |
|
| Koha item type |
Book |